000
00327nam a2200145Ia 4500
100
_a
Dubey / G.K./ Kasarabada/ C.
490
_v
I
942
_c
BK
654
_a
power
245
_a
Power Electronics & Drives
260
_b
Tata Mc Graw hill
_a
New Delhi
_c
1993
082
_a
621.317
_b
PAN
300
_a
495
546
_a
ENGLISH
999
_c
33309
_d
33309